00945nam a2200277 a 450000100100000000500170001000800410002702000150006804000250008308200190010810000320012724000350015924500720019425000470026626000100031330000210032349000180034453400440036265000260040665000280043270000320046083000260049204900090051895201230052799900170065000002268620200930021734.0101115s1998 sp r 000 j spa d a8483100487 aDO-SdBNPbspacBNPHU a833. 914bJ22t1 aJaeggy, Fleurd1940-94664013aLa paura del cielo.lEspañol13aEl temor del cielo /cFleur Jaeggy; traducción de Flavia Company. aBarcelona, (España):bTusquets Editores, a1994. a136 p. ;c21 cm.1 aAndanzasv323 aTítulo original :tLa paura del cielo 4aCuentos suizos946641 4aLiteratura suiza9466421 aCompany, Flaviaetr.946643 0aAndanzas;v323918113 aBNGR 001054708MOaGRbGRcCTd2010-11-15iLF1l0o833. 914 J22tp22686-10r2020-06-25w2020-06-25y4ZPréstamo en sala c22183d22183